One, Two, Buckle My Shoe (Record no. 4953)

000 -LEADER
fixed length control field 00460 a2200157 4500
020 ## - INTERNATIONAL STANDARD BOOK NUMBER
International Standard Book Number 0006166911
082 ## - DEWEY DECIMAL CLASSIFICATION NUMBER
Classification number 823.912
090 ## - LOCALLY ASSIGNED LC-TYPE CALL NUMBER (OCLC); LOCAL CALL NUMBER (RLIN)
-- 988
-- 988
100 ## - MAIN ENTRY--PERSONAL NAME
Personal name Christie, Agatha.
245 ## - TITLE STATEMENT
Title One, Two, Buckle My Shoe
Statement of responsibility, etc. Agatha Christie
260 ## - PUBLICATION, DISTRIBUTION, ETC.
Place of publication, distribution, etc. London:
Name of publisher, distributor, etc. Harper Collins Publishers,
Date of publication, distribution, etc. 1994.
300 ## - PHYSICAL DESCRIPTION
Extent 218 p. ;
Other physical details 19 cm.
500 ## - GENERAL NOTE
General note Includes Index
650 ## - SUBJECT ADDED ENTRY--TOPICAL TERM
Topical term or geographic name entry element 1.Poirot, Hercule (Fictitious character) --Fiction.2.Mystery fiction
942 ## - ADDED ENTRY ELEMENTS (KOHA)
Koha item type Book
Call number prefix 823.912 CHR
Holdings
Withdrawn status Lost status Damaged status Not for loan Collection code Permanent Location Current Location Shelving location Date acquired Source of acquisition Cost, normal purchase price Total Checkouts Full call number Barcode Date last seen Date last checked out Price effective from Koha item type Total Renewals
          Central Library (CL) Central Library (CL) Fiction 10/11/2004 Saeed Book Bank 175.50 2 823.912 CHR SEECS004833 12/28/2022 02/10/2019 01/05/2017 Book  
          Central Library (CL) Central Library (CL) General Stacks 01/22/2003 Academic Book com. 150.00 1 823.912 CHR SEECS003015 04/06/2026 03/13/2026 01/05/2017 Book  
          Central Library (CL) Central Library (CL) Fiction 10/11/2004 Saeed Book Bank 175.50 2 823.912 CHR SEECS004834 01/30/2024 03/20/2023 01/05/2017 Book 1
© 2023 Central Library, National University of Sciences and Technology. All Rights Reserved.